000 00751cab a2200193 4500
001 WB2441-31
008 090401t1988 xxu||||| |||| 00| 0 eng d
035 _a(Sirsi) u48236
041 _aeng
245 _aReview of professional liability
260 _c1988
350 _a0
490 _aDoE News Release
_vno 558, 11 October 1988 3 pages
520 _aThe DOE has set up a study team chaired by Ian Oddy of St Quintins to investigate the professional liability and negligence issued faced by surveyors , with the exception of quantity surveyors who are covered by the Construction Industry Review.
650 _aABOUT RICS-RICS MEMBERS
690 _aMANAGEMENT-BUSINESS MANAGEMENT-PROFESSIONAL PRACTICE
942 _n0
948 _c04/03/1997
999 _c30304
_d30304